[Event "AUTO-INT-3967"]
[Site "http://www.queenalice.com/game.php?id=1872641"]
[Date "2026.4.29"]
[Round "1"]
[White "renet54"]
[Black "JoseMessias"]
[Result "0-1"]
[WhiteElo "1617"]
[BlackElo "1456"]

1. d4 b6 2. Bf4 Bb7 3. Nf3 Bxf3 4. exf3 c5 5. Bb5 a6 6. Bc4 Nc6 7. dxc5 bxc5 8.
O-O Na5 9. Qd5 e6 10. Qd3 d5 11. Nd2 Nxc4 12. Nxc4 dxc4 13. Qxc4 Nf6 14. Rae1 a5
15. Rd1 Qb6 16. Qa4+ Ke7 17. Bg5 Qb7 18. Rd2 h6 19. Bxf6+ Kxf6 20. Qh4+ g5 21.
Qc4 Qxb2 22. Rfd1 Be7 23. c3 Qb8 24. h4 Qe5 25. Re2 Qf4 26. Re4 Qc7 27. hxg5+
hxg5 28. f4 Kf5 29. Re5+ Kf6 30. Rxg5 e5 31. Qe4 Bd6 32. Qf5+ Ke7 33. Rg7 Raf8
34. fxe5 Bxe5 35. Re1 Kd8 36. Rxe5 Qc6 37. Rxc5 Re8 38. Rxc6 Re1# 0-1

[Event "AUTO-INT-3967"]
[Site "http://www.queenalice.com/game.php?id=1872642"]
[Date "2026.4.29"]
[Round "1"]
[White "JoseMessias"]
[Black "renet54"]
[Result "1-0"]
[WhiteElo "1478"]
[BlackElo "1595"]

1. g3 d5 2. Bg2 Nf6 3. b3 e6 4. d4 Bd6 5. c4 O-O 6. cxd5 exd5 7. Bg5 Nc6 8. Nc3
Re8 9. Nxd5 Bb4+ 10. Nxb4 Nxb4 11. a3 Nbd5 12. Bxf6 Qxf6 13. Bxd5 Bg4 14. Bxb7
Rab8 15. Bd5 Rb5 16. Bc4 Rb6 17. a4 Rbb8 18. h3 Bh5 19. g4 Bg6 20. h4 Re4 21. h5
Rbe8 22. hxg6 Qxg6 23. f3 Re3 24. Bd3 Rxd3 25. Qxd3 Qxd3 26. Kf1 Qxd4 27. Re1 h6
28. Rh5 Qc3 29. g5 Qe3 30. gxh6 gxh6 31. b4 Qe7 32. Rxh6 Qxb4 33. Ra6 Qc4 34.
Rxa7 Qc5 35. Rb7 Qc6 36. Rb5 Qa6 37. Rb4 c5 38. Rg4+ Kf8 39. Rc1 Qxa4 40. Rxa4
Rc8 41. Rh4 Rc6 42. Rcc4 f5 43. Rh7 Kg8 44. Ra7 1-0

[Event "AUTO-INT-3967"]
[Site "http://www.queenalice.com/game.php?id=1872645"]
[Date "2026.4.29"]
[Round "1"]
[White "renet54"]
[Black "jenyasm"]
[Result "0-1"]
[WhiteElo "1582"]
[BlackElo "1681"]

1. d4 d5 2. Bf4 a6 3. e3 e6 4. Nf3 Bd6 5. Bg3 Bxg3 6. hxg3 Nf6 7. Bd3 O-O 8. O-O
h6 9. Nc3 Nc6 10. Qd2 Re8 11. Rad1 Nb4 12. Ne5 Nxd3 13. Qxd3 b5 14. b4 Qd6 15.
a3 c6 16. f4 Bb7 17. Ne2 Ne4 18. c3 a5 19. Nxf7 Kxf7 20. f5 Nf6 21. fxe6+ Rxe6
22. Nf4 Re4 23. Nh5 axb4 24. Nxf6 gxf6 25. Qe2 Qxg3 26. Qh5+ Qg6 27. Rxf6+ Kxf6
28. Rf1+ Kg7 29. Qf3 bxa3 30. c4 bxc4 31. Rc1 a2 32. Ra1 c3 0-1

[Event "AUTO-INT-3967"]
[Site "http://www.queenalice.com/game.php?id=1872646"]
[Date "2026.4.29"]
[Round "1"]
[White "jenyasm"]
[Black "renet54"]
[Result "1-0"]
[WhiteElo "1644"]
[BlackElo "1599"]

1. e4 e5 2. Nf3 Bc5 3. d3 Nc6 4. a3 d6 5. Bd2 Nf6 6. h3 O-O 7. b4 Bd4 8. c3 Bb6
9. a4 a6 10. a5 Ba7 11. Be2 Be6 12. O-O Qd7 13. Ng5 Bxh3 14. Nxh3 Rfe8 15. Bg5
Ne7 16. Bxf6 gxf6 17. Bg4 f5 18. exf5 Nxf5 19. Re1 Qc6 20. Bxf5 Kh8 21. Qh5 1-0

[Event "AUTO-INT-3956"]
[Site "http://www.queenalice.com/game.php?id=1872825"]
[Date "2026.5.2"]
[Round "2"]
[White "jenyasm"]
[Black "renet54"]
[Result "1-0"]
[WhiteElo "1704"]
[BlackElo "1559"]

1. e4 e5 2. Nf3 Nf6 3. d3 Bc5 4. h3 O-O 5. Nxe5 d6 6. Nf3 Re8 7. Be2 Nc6 8. a3
Be6 9. b4 Nxb4 10. axb4 Bb6 11. Nc3 Qd7 12. O-O Bxh3 13. gxh3 Qxh3 14. Nh2 Re6
15. Bg5 Nh5 16. Bg4 Qxg4+ 17. Nxg4 Rg6 18. Bd2 Nf6 19. Kg2 Rxg4+ 20. Qxg4 Nxg4
21. Nd5 Re8 22. Nxb6 axb6 23. Ra7 h5 24. Rxb7 Re6 25. Rxc7 Rg6 26. Kh3 Ne5 27.
f4 Ng4 28. Rb7 Kf8 29. Rxb6 Ke7 30. Rc6 Ke6 31. b5 1-0

[Event "AUTO-INT-3956"]
[Site "http://www.queenalice.com/game.php?id=1872826"]
[Date "2026.5.2"]
[Round "2"]
[White "renet54"]
[Black "jenyasm"]
[Result "0-1"]
[WhiteElo "1570"]
[BlackElo "1693"]

1. d4 d5 2. Bf4 e6 3. Nf3 h6 4. e3 Bd6 5. c4 Bxf4 6. exf4 c6 7. Be2 a6 8. O-O
Nf6 9. Nc3 O-O 10. Qc2 Bd7 11. Rad1 b5 12. cxd5 cxd5 13. Ne5 b4 14. Nxd5 Nxd5
15. b3 Nxf4 16. Qe4 Nxe2+ 17. Qxe2 Nc6 18. Nxc6 Bxc6 19. Qc4 Bb5 20. Qxb4 Bxf1
21. Kxf1 Qc7 22. g3 Qc2 23. Re1 Qxa2 24. d5 exd5 25. Rd1 Rfd8 26. Rd2 Qb1+ 27.
Kg2 Qe4+ 28. Qxe4 dxe4 29. Rxd8+ Rxd8 30. h4 Rb8 0-1

[Event "AUTO-INT-3968"]
[Site "http://www.queenalice.com/game.php?id=1872966"]
[Date "2026.5.5"]
[Round "1"]
[White "renet54"]
[Black "Rocio"]
[Result "1-0"]
[WhiteElo "1574"]
[BlackElo "1375"]

1. d4 d5 2. Nf3 Nc6 3. Bf4 h6 4. e3 Bf5 5. c4 e6 6. Nbd2 Nb4 7. cxd5 Nxd5 8. Bc4
Nb4 9. Qa4+ c6 10. O-O Na6 11. Bxa6 Nf6 12. Bxb7 Rb8 13. Bxc6+ Ke7 14. Qa3+ Qd6
15. Qxd6# 1-0

[Event "AUTO-INT-3918"]
[Site "http://www.queenalice.com/game.php?id=1873773"]
[Date "2026.5.21"]
[Round "2"]
[White "game"]
[Black "renet54"]
[Result "1-0"]
[WhiteElo "1612"]
[BlackElo "1489"]

1. e4 e5 2. Nf3 Nf6 3. Bc4 Bc5 4. Nxe5 d5 5. Bb3 Ng4 6. Nxg4 O-O 7. exd5 Qe7+ 8.
Ne3 Bf5 9. O-O Bd6 10. Nxf5 Qe5 11. Nxd6 Qxd6 12. d4 Nd7 13. Nc3 Rae8 14. Qd3
Nf6 15. Nb5 Re4 16. Nxd6 cxd6 17. Bg5 Rfe8 18. Bxf6 gxf6 19. Qg3+ Kf8 20. Qxd6+
Kg8 21. Qd7 R4e7 22. Qg4+ Kf8 23. Ba4 Re4 24. Qf3 1-0